000 01345cab a2200253 4500
001 ABS60467
008 090401t1999 xxu||||| |||| 00| 0 eng d
035 _a(Sirsi) u92671
041 _aeng
245 _aSoS Environment v Fletcher Estates (Harlescott) Limited and others
260 _c1999
350 _a0
490 _aRating & Valuation Reporter
_v[1999] 39 RVR, 35-40(6)
520 _aCA 11 June 1998. When considering the grant of a certificate of appropriate alternative development under the Land Compensation Act 1961 s 17 (14), the relevant date at which the decision had to be made was the date of the publication of the notice of the compulsory purchase order, discounting only that acquisition and the proposal underlying it as it stood on the date of the notice, which could be conveniently expressed as a decision on the basis that the proposal had been cancelled on the date of that notice.
650 _aALTERNATIVE DEVELOPMENT CERTIFICATE
650 _aCOMPULSORY PURCHASE ORDERS
650 _aCompulsory purchase
_96228
650 _aLAND COMPENSATION ACT 1961 S17
650 _aRELEVANT DATES
650 _aSOS ENVIRONMENT V FLETCHER ESTATES (HARLESCOTT) LTD
690 _aENVIRONMENTAL AND LAND CONSULTANCY-PLANNING AND DEVELOPMENT-COMPULSORY PURCHASE AND COMPENSATION
942 _n0
948 _c12/04/1999
999 _c58739
_d58739